[Event "DEM U18 2009"]
[Site "Willingen GER"]
[Date "2009.06.02"]
[Round "4"]
[White "Dann, Matthias"]
[Black "Völsgen, Georg"]
[Result "1-0"]
[Termination "normal"]
[Board "6"]
[WhiteElo "2236"]
[BlackElo "1923"]
[PlyCount "73"]
[WhiteFideId "24638056"]
[BlackFideId "24635901"]
[EventCountry "GER"]
[EventRounds "9"]
[EventType "swiss"]
[EventDate "2009.05.30"]

1. e4 e5 2. Nf3 Nc6 3. Bb5 a6 4. Bxc6 dxc6 5. O-O Bg4 6. h3 h5 7. d3 Qf6 8. Be3
Bxf3 9. Qxf3 Qxf3 10. gxf3 Bd6 11. Rd1 c5 12. Kf1 Ne7 13. Nd2 O-O-O 14. a4 b6
15. Nc4 Ng6 16. Ke2 Kd7 17. c3 Ke6 18. a5 b5 19. Nd2 Nf8 20. Nb3 Nd7 21. d4
cxd4 22. cxd4 f6 23. Rac1 g6 24. d5+ Ke7 25. Nc5 Nxc5 26. Bxc5 Rc8 27. Be3 c5
28. dxc6 Rhd8 29. Bb6 Bc7 30. Rxd8 Kxd8 31. Rd1+ Ke8 32. Rd7 Bxb6 33. axb6 Rxc6
34. b7 Kxd7 35. b8=Q g5 36. b4 h4 37. Qb7+ 1-0

[Event "DEM U18 2009"]
[Site "Willingen GER"]
[Date "2009.06.02"]
[Round "4"]
[White "Nuber, Blasius"]
[Black "Korman, Maxim"]
[Result "1/2-1/2"]
[Termination "normal"]
[Board "7"]
[WhiteElo "2104"]
[BlackElo "2170"]
[PlyCount "77"]
[WhiteFideId "24620289"]
[BlackFideId "24619787"]
[EventCountry "GER"]
[EventRounds "9"]
[EventType "swiss"]
[EventDate "2009.05.30"]

1. e4 e5 2. Nf3 Nf6 3. Nxe5 d6 4. Nf3 Nxe4 5. Qe2 Qe7 6. d3 Nf6 7. Bg5 Nbd7 8.
Nc3 Qxe2+ 9. Bxe2 h6 10. Bh4 Be7 11. O-O-O Nb6 12. Nb5 Nbd5 13. c4 Bd7 14. Bxf6
Bxf6 15. Nxd6+ cxd6 16. cxd5 Rc8+ 17. Kb1 Bg4 18. Rc1 Ke7 19. Nd4 Bd7 20. Nc2
Rhe8 21. Ne3 Bd4 22. Bf3 Rxc1+ 23. Rxc1 Rc8 24. Rc4 Rxc4 25. dxc4 f5 26. Nd1 g5
27. Kc2 Kf6 28. Kd3 Ke5 29. Bh5 f4 30. Bg6 g4 31. b3 Bc8 32. Be4 Bd7 33. f3 Bg1
34. b4 b6 35. fxg4 Bxg4 36. Nc3 Bxh2 37. Nb5 a6 38. Nd4 Bg1 39. Nf3+ 1/2-1/2

[Event "DEM U18 2009"]
[Site "Willingen GER"]
[Date "2009.06.02"]
[Round "4"]
[White "Wendling, Hannes"]
[Black "Moshtael, Wesal"]
[Result "1-0"]
[Termination "normal"]
[Board "8"]
[WhiteElo "2132"]
[BlackElo "2133"]
[PlyCount "82"]
[WhiteFideId "24624284"]
[BlackFideId "24618551"]
[EventCountry "GER"]
[EventRounds "9"]
[EventType "swiss"]
[EventDate "2009.05.30"]

1. e4 c5 2. Nf3 d6 3. d4 cxd4 4. Nxd4 Nf6 5. Nc3 a6 6. Bg5 e6 7. f4 h6 8. Bh4
Be7 9. Qf3 Qc7 10. O-O-O Nbd7 11. Be2 b5 12. Bxf6 Nxf6 13. e5 Bb7 14. Qg3 dxe5
15. fxe5 Nd7 16. Nxe6 fxe6 17. Qg6+ Kd8 18. Qxe6 Re8 19. Kb1 Bc6 20. Qg6 Bb4
21. e6 Bxc3 22. bxc3 Qe5 23. exd7 Re6 24. Qf7 Qf6 25. Rhf1 Qxf7 26. Rxf7 Rf6
27. Rxg7 Rf8 28. g3 Ra7 29. Bg4 Rc7 30. Kb2 a5 31. Be6 b4 32. c4 a4 33. a3
bxa3+ 34. Kxa3 Rb7 35. Rf1 Rxf1 36. Rg8+ Ke7 37. Re8+ Kd6 38. d8=Q+ Kc5 39.
Qa5+ Kd4 40. Qd2+ Kc5 41. Qe3+ Kd6 1-0

[Event "DEM U18 2009"]
[Site "Willingen GER"]
[Date "2009.06.02"]
[Round "4"]
[White "Tkachuk, Konstantyn"]
[Black "Kelbling, Philipp"]
[Result "1-0"]
[Termination "normal"]
[Board "9"]
[WhiteElo "2214"]
[BlackElo "2072"]
[PlyCount "81"]
[WhiteFideId "24647330"]
[BlackFideId "24669750"]
[EventCountry "GER"]
[EventRounds "9"]
[EventType "swiss"]
[EventDate "2009.05.30"]

1. e4 c5 2. Nf3 e6 3. d4 cxd4 4. Nxd4 Nf6 5. Nc3 d6 6. Bg5 a6 7. f4 Be7 8. Qf3
Nbd7 9. O-O-O Qc7 10. g4 b5 11. Bxf6 Bxf6 12. g5 Be7 13. f5 Ne5 14. Qg3 b4 15.
Nce2 Qa5 16. Kb1 exf5 17. Nxf5 Bxf5 18. exf5 f6 19. g6 hxg6 20. fxg6 Qc5 21.
Nd4 Qc8 22. Bg2 Ra7 23. h3 Rh5 24. Bd5 Rg5 25. Qb3 Rxg6 26. Nc6 Qxc6 27. Bxc6+
Nxc6 28. h4 a5 29. Qg8+ Kd7 30. h5 Rg5 31. Rdg1 Rb5 32. Rxg7 b3 33. axb3 a4 34.
b4 Rxb4 35. Re1 Rab7 36. Qe6+ Kd8 37. Rg8+ Kc7 38. Rc8+ Kb6 39. h6 Ne5 40. h7
Ka6 41. Ra8+ 1-0

[Event "DEM U18 2009"]
[Site "Willingen GER"]
[Date "2009.06.02"]
[Round "4"]
[White "Strunski, Andreas"]
[Black "Häusler, Felix"]
[Result "1-0"]
[Termination "normal"]
[Board "10"]
[WhiteElo "2329"]
[BlackElo "1990"]
[PlyCount "93"]
[WhiteFideId "24606073"]
[BlackFideId "24631337"]
[EventCountry "GER"]
[EventRounds "9"]
[EventType "swiss"]
[EventDate "2009.05.30"]

1. d4 Nf6 2. c4 g6 3. Nc3 Bg7 4. e4 d6 5. Be2 O-O 6. Bg5 h6 7. Be3 e5 8. d5 a5
9. h4 Ne8 10. Qd2 Kh7 11. h5 g5 12. g4 Na6 13. f3 Bd7 14. Rb1 b6 15. b3 Nc5 16.
Nh3 Bf6 17. Nf2 Qe7 18. O-O Ng7 19. Rfc1 Rfb8 20. Bd1 Qd8 21. a3 Be7 22. b4
axb4 23. axb4 Nb7 24. Nd3 c5 25. dxc6 Bxc6 26. Qf2 Ne6 27. Bxb6 Qe8 28. Nd5 Ra3
29. Rb3 Rba8 30. Nc7 Nxc7 31. Bxc7 Ra2 32. Rb2 R2a3 33. Be2 Bd8 34. Bb6 Bd7 35.
Be3 Be6 36. c5 dxc5 37. bxc5 Na5 38. Nb4 Be7 39. Nd5 Rc8 40. Ba6 Rd8 41. c6 Bc8
42. Bb5 Rxd5 43. exd5 Bd6 44. Ra2 Qe7 45. Rxa3 Bxa3 46. Bd3+ Kg8 47. Rb1 1-0

[Event "DEM U18 2009"]
[Site "Willingen GER"]
[Date "2009.06.02"]
[Round "4"]
[White "Zahn, Benno"]
[Black "Bradler, Stephan"]
[Result "0-1"]
[Termination "normal"]
[Board "11"]
[WhiteElo "1881"]
[BlackElo "2006"]
[PlyCount "46"]
[WhiteFideId "24636070"]
[BlackFideId "24629367"]
[EventCountry "GER"]
[EventRounds "9"]
[EventType "swiss"]
[EventDate "2009.05.30"]

1. e4 c5 2. Nf3 Nc6 3. d4 cxd4 4. Nxd4 Nf6 5. Nc3 e6 6. Bg5 Qa5 7. Bxf6 gxf6 8.
Ndb5 Bc5 9. Nd6+ Ke7 10. Nc4 Qc7 11. Qd2 a6 12. Ne3 Qe5 13. O-O-O b5 14. Ned5+
Kd8 15. f4 Qd4 16. Qe2 Qf2 17. Qg4 exd5 18. Nxd5 Nb4 19. Rd2 Qe1+ 20. Rd1 Qxe4
21. Nxb4 Qxb4 22. g3 Be3+ 23. Kb1 Bd4 0-1

[Event "DEM U18 2009"]
[Site "Willingen GER"]
[Date "2009.06.02"]
[Round "4"]
[White "Falke, Isaak"]
[Black "Meißner, Felix"]
[Result "1/2-1/2"]
[Termination "normal"]
[Board "12"]
[WhiteElo "1950"]
[BlackElo "2131"]
[PlyCount "60"]
[WhiteFideId "24614483"]
[BlackFideId "24671827"]
[EventCountry "GER"]
[EventRounds "9"]
[EventType "swiss"]
[EventDate "2009.05.30"]

1. e4 c5 2. Nf3 d6 3. d4 cxd4 4. Nxd4 Nf6 5. Nc3 a6 6. f3 e5 7. Nb3 Be6 8. Be3
Be7 9. Qd2 Nbd7 10. O-O-O O-O 11. Kb1 b5 12. g4 b4 13. Ne2 a5 14. g5 Nh5 15.
Ng3 Nf4 16. Nf5 Bxg5 17. h4 Bf6 18. Qxd6 Qb8 19. Ne7+ Bxe7 20. Qxe7 a4 21. Nc5
Nxc5 22. Bxc5 Re8 23. Qd6 b3 24. cxb3 axb3 25. a3 Rd8 26. Qxb8 Raxb8 27. Ba6 f6
28. Be3 Ng2 29. Bf2 Bf7 30. Kc1 Be6 1/2-1/2

[Event "DEM U18 2009"]
[Site "Willingen GER"]
[Date "2009.06.02"]
[Round "4"]
[White "Hirschberg, Valerian"]
[Black "Pogan, Nicolas"]
[Result "1/2-1/2"]
[Termination "normal"]
[Board "13"]
[WhiteElo "2079"]
[BlackElo "2050"]
[PlyCount "131"]
[WhiteFideId "24628492"]
[BlackFideId "24673579"]
[EventCountry "GER"]
[EventRounds "9"]
[EventType "swiss"]
[EventDate "2009.05.30"]

1. Nf3 d5 2. c4 c6 3. g3 Nf6 4. Bg2 g6 5. O-O Bg7 6. d4 O-O 7. cxd5 Nxd5 8. Nc3
Nd7 9. Nxd5 cxd5 10. Qb3 Nb6 11. Bf4 Bd7 12. Rac1 Bc6 13. Qd3 f6 14. b3 Re8 15.
Qc3 e6 16. Rfe1 Qe7 17. Nd2 e5 18. Be3 e4 19. a4 a5 20. f3 f5 21. Nf1 h6 22.
Qd2 Kh7 23. Rc5 Qc7 24. Rec1 g5 25. Kh1 Bf8 26. fxe4 fxe4 27. R5c2 Ba3 28. Ra1
Bb4 29. Qc1 Qd7 30. Bd2 Qe7 31. e3 Nd7 32. Qe1 Bxd2 33. Qxd2 Rf8 34. Qe2 Rf7
35. Nd2 Raf8 36. Rf1 Kg6 37. Rxf7 Rxf7 38. Nb1 h5 39. Qe1 Qb4 40. Qxb4 axb4 41.
Kg1 g4 42. Nd2 Nf8 43. Rc5 Ne6 44. Rc1 Kf6 45. Rf1+ Ke7 46. Rxf7+ Kxf7 47. Bf1
Kf6 48. Kf2 Ng5 49. Be2 Bd7 50. Nf1 Kg6 51. Bb5 Be6 52. Be8+ Kh6 53. Bb5 Nf7
54. Nd2 Nd6 55. Be2 Kg5 56. Bf1 Nf5 57. Bb5 Nd6 58. Kg2 Kf6 59. Kf2 Ke7 60. Ke2
Nf7 61. Kf2 Ng5 62. Ke2 Bf5 63. Kf2 Nf3 64. Nf1 Be6 65. Ke2 Kf6 66. Kf2 1/2-1/2

[Event "DEM U18 2009"]
[Site "Willingen GER"]
[Date "2009.06.02"]
[Round "4"]
[White "Dupont, Gabriel"]
[Black "Mory, Martin"]
[Result "1-0"]
[Termination "normal"]
[Board "14"]
[WhiteElo "1852"]
[BlackElo "1794"]
[PlyCount "59"]
[WhiteFideId "4634802"]
[BlackFideId "1271001"]
[EventCountry "GER"]
[EventRounds "9"]
[EventType "swiss"]
[EventDate "2009.05.30"]

1. d4 d5 2. c4 e6 3. Nc3 c6 4. e4 dxe4 5. Nxe4 Nf6 6. Nxf6+ Qxf6 7. Nf3 Bb4+ 8.
Bd2 Bxd2+ 9. Qxd2 O-O 10. Bd3 Nd7 11. O-O e5 12. d5 Nc5 13. Bc2 Bf5 14. b4 Na6
15. Bxf5 Qxf5 16. d6 c5 17. bxc5 Nxc5 18. Qd5 Rac8 19. Nxe5 Rfd8 20. f4 Nd7 21.
Qxb7 Nxe5 22. fxe5 Qxe5 23. Qxf7+ Kh8 24. Rad1 Qc5+ 25. Kh1 Qxc4 26. Qe7 Qc5
27. Rf7 Re8 28. d7 Rxe7 29. Rxe7 Kg8 30. Re8+ 1-0

[Event "DEM U18 2009"]
[Site "Willingen GER"]
[Date "2009.06.02"]
[Round "5"]
[White "Poetsch, Hagen"]
[Black "Geske, Julian"]
[Result "1-0"]
[Termination "normal"]
[Board "1"]
[WhiteElo "2281"]
[BlackElo "2241"]
[PlyCount "139"]
[WhiteFideId "24615137"]
[BlackFideId "24605263"]
[EventCountry "GER"]
[EventRounds "9"]
[EventType "swiss"]
[EventDate "2009.05.30"]

1. e4 d5 2. exd5 Qxd5 3. Nf3 Bg4 4. Be2 Nc6 5. d4 O-O-O 6. Be3 e5 7. Nc3 Qa5 8.
Nxe5 Bxe2 9. Qxe2 Nxe5 10. dxe5 Qxe5 11. Rd1 Rxd1+ 12. Kxd1 Ne7 13. Qc4 Nf5 14.
Bxa7 Nd6 15. Qg4+ Qf5 16. Qxf5+ Nxf5 17. Be3 Nxe3+ 18. fxe3 Bb4 19. Nb1 f5 20.
Ke2 Re8 21. Rf1 g6 22. Rf3 Kd7 23. c3 Bc5 24. Nd2 Kc6 25. Nb3 Bd6 26. g3 b5 27.
Kd3 Be5 28. Rf2 Kd5 29. Nd2 Bg7 30. Re2 c5 31. c4+ Kc6 32. cxb5+ Kxb5 33. b3
Rd8+ 34. Kc2 Ra8 35. a4+ Kb4 36. Nc4 Rd8 37. e4 fxe4 38. Rxe4 Rf8 39. Nd2+ Ka5
40. Re7 Rg8 41. Re6 c4 42. Nxc4+ Kb4 43. Re7 h5 44. a5 Bd4 45. Rb7+ Kc5 46. Kd3
Bg1 47. Rb6 Rd8+ 48. Kc3 Bd4+ 49. Kc2 Rf8 50. Nd2 Bg1 51. h3 Rg8 52. Kc3 Kd5
53. Rb5+ Kc6 54. Re5 Rd8 55. Nf3 Bf2 56. Rg5 Rd6 57. b4 Rf6 58. Nd4+ Kd6 59.
Kc4 Be1 60. Nc2 Bf2 61. Nd4 Be1 62. Ne2 Kc6 63. Nf4 h4 64. Nd5 Re6 65. b5+ Kd6
66. a6 Bf2 67. b6 hxg3 68. a7 Re8 69. Rxg6+ Ke5 70. Nc7 1-0

[Event "DEM U18 2009"]
[Site "Willingen GER"]
[Date "2009.06.02"]
[Round "5"]
[White "Seyb, Alexander"]
[Black "Jorczik, Julian"]
[Result "0-1"]
[Termination "normal"]
[Board "2"]
[BlackTitle "FM"]
[WhiteElo "2271"]
[BlackElo "2354"]
[PlyCount "44"]
[WhiteFideId "4699033"]
[BlackFideId "24611719"]
[EventCountry "GER"]
[EventRounds "9"]
[EventType "swiss"]
[EventDate "2009.05.30"]

1. e4 e6 2. d4 d5 3. Nc3 Nf6 4. e5 Nfd7 5. f4 c5 6. Nf3 Nc6 7. Be3 Be7 8. Qd2
O-O 9. dxc5 Bxc5 10. O-O-O Qa5 11. Bxc5 Nxc5 12. h4 Bd7 13. Qe3 Rac8 14. Kb1
Nb4 15. a3 Nxc2 16. Kxc2 Ne4 17. Rd3 Bb5 18. Ng5 Bxd3+ 19. Qxd3 Qa4+ 20. b3
Qxa3 21. Ngxe4 dxe4 22. Qe3 Qa2+ 0-1

[Event "DEM U18 2009"]
[Site "Willingen GER"]
[Date "2009.06.02"]
[Round "5"]
[White "Huschenbeth, Niclas"]
[Black "Hirneise, Jens"]
[Result "1-0"]
[Termination "normal"]
[Board "3"]
[WhiteTitle "IM"]
[BlackTitle "FM"]
[WhiteElo "2425"]
[BlackElo "2308"]
[PlyCount "101"]
[WhiteFideId "24604747"]
[BlackFideId "24614734"]
[EventCountry "GER"]
[EventRounds "9"]
[EventType "swiss"]
[EventDate "2009.05.30"]

1. e4 e5 2. Nf3 Nc6 3. Bb5 Nd4 4. Nxd4 exd4 5. O-O Bc5 6. Bc4 d6 7. d3 c6 8.
Nd2 Ne7 9. c3 O-O 10. cxd4 Bxd4 11. Nf3 Bb6 12. Bb3 d5 13. h3 h6 14. Be3 Bxe3
15. fxe3 Ng6 16. exd5 cxd5 17. Nd4 Qg5 18. Qf3 Ne5 19. Qf4 Qxf4 20. exf4 Nxd3
21. Rab1 a6 22. Rf3 Nc5 23. Rc1 Nxb3 24. Rxb3 Rd8 25. Rc7 Kf8 26. Kf2 Re8 27.
Rbc3 g6 28. R3c5 Rd8 29. a4 b6 30. R5c6 Bd7 31. Rxb6 Bxa4 32. b3 Be8 33. f5
Rdb8 34. Rd6 Rb4 35. Rxd5 Rb6 36. g4 a5 37. fxg6 Rxg6 38. Kg3 Rb6 39. Kh4 a4
40. bxa4 Bxa4 41. Kh5 Be8 42. Nf5 Ra3 43. h4 Ra4 44. Rd8 f6+ 45. Kxh6 Rxg4 46.
Kh7 Re6 47. Nh6 Re7+ 48. Rxe7 Kxe7 49. Rxe8+ Kxe8 50. Nxg4 Kf7 51. Nh6+ 1-0

[Event "DEM U18 2009"]
[Site "Willingen GER"]
[Date "2009.06.02"]
[Round "5"]
[White "Bigalke, Tobias"]
[Black "Dann, Matthias"]
[Result "0-1"]
[Termination "normal"]
[Board "4"]
[WhiteElo "2112"]
[BlackElo "2236"]
[PlyCount "142"]
[WhiteFideId "4698282"]
[BlackFideId "24638056"]
[EventCountry "GER"]
[EventRounds "9"]
[EventType "swiss"]
[EventDate "2009.05.30"]

1. e4 d5 2. exd5 Qxd5 3. Nc3 Qa5 4. d4 Nf6 5. Nf3 c6 6. Be2 Bf5 7. O-O e6 8.
Ne5 Nbd7 9. Bf4 Nxe5 10. Bxe5 Bb4 11. Nb1 Rd8 12. c3 Bd6 13. Bxd6 Rxd6 14. Nd2
Rd8 15. Qb3 Qc7 16. Nf3 O-O 17. Rfe1 Nd5 18. g3 h6 19. a4 a5 20. Ne5 c5 21. Nf3
b6 22. Rad1 Nf6 23. Qb5 Be4 24. Qb3 Bd5 25. Qa3 Bxf3 26. Bxf3 cxd4 27. cxd4 Rd6
28. Rd3 Rfd8 29. Red1 Qd7 30. Bg2 Nd5 31. Qb3 Nb4 32. R3d2 Kh8 33. f4 b5 34.
axb5 Qxb5 35. Kh1 Qb6 36. Qc3 Nd5 37. Qa3 Ne7 38. Qc3 Nf5 39. d5 Ne3 40. Re1
Nxg2 41. Kxg2 Rxd5 42. Rc2 Rd3 43. Qc4 Qb7+ 44. Kh3 Qf3 45. Qe4 Qh5+ 46. Kg2
Kg8 47. Ree2 Qg4 48. Rc3 Rd2 49. Rc2 R2d4 50. Qe5 R8d5 51. h3 Qg6 52. Qe3 Rd3
53. Qf2 Kh7 54. Kh2 h5 55. Red2 h4 56. g4 Rxd2 57. Rxd2 Rxd2 58. Qxd2 Qe4 59.
Qf2 Kg6 60. Kg1 a4 61. Kh2 e5 62. fxe5 Qxe5+ 63. Kg2 Qe4+ 64. Kh2 Kg5 65. Kg1
f6 66. Qd2+ Kg6 67. Qf2 Qd3 68. Kh2 Kg5 69. Qc5+ Kf4 70. Qf5+ Ke3 71. Qe6+ Kd2
0-1

[Event "DEM U18 2009"]
[Site "Willingen GER"]
[Date "2009.06.02"]
[Round "5"]
[White "Kachibadze, Georg"]
[Black "Savchenko, Aleksij"]
[Result "0-1"]
[Termination "normal"]
[Board "5"]
[WhiteElo "2171"]
[BlackElo "2239"]
[PlyCount "70"]
[WhiteFideId "24640794"]
[BlackFideId "24611727"]
[EventCountry "GER"]
[EventRounds "9"]
[EventType "swiss"]
[EventDate "2009.05.30"]

1. e4 c5 2. Nf3 e6 3. d4 cxd4 4. Nxd4 a6 5. Bd3 Qc7 6. O-O Nf6 7. Kh1 d6 8. f4
Nc6 9. Nf3 g6 10. Bd2 Bg7 11. Nc3 O-O 12. a4 b6 13. Qe1 Bb7 14. Qh4 Na5 15.
Rae1 Nc4 16. Bc1 Rac8 17. b3 Na5 18. Nb1 Nd7 19. f5 exf5 20. exf5 Rfe8 21. Ng5
Nf8 22. Rxe8 Rxe8 23. fxg6 fxg6 24. b4 h6 25. Nf7 Qc6 26. Qf2 Nc4 27. Nxh6+ Kh7
28. Nf7 b5 29. axb5 axb5 30. Bf4 Ne6 31. Bxc4 Nxf4 32. Ng5+ Kh8 33. Bxb5 Qxg2+
34. Qxg2 Bxg2+ 35. Kg1 Bd4+ 0-1

[Event "DEM U18 2009"]
[Site "Willingen GER"]
[Date "2009.06.02"]
[Round "5"]
[White "Müller, Reinhold"]
[Black "Wendling, Hannes"]
[Result "0-1"]
[Termination "normal"]
[Board "6"]
[WhiteElo "2264"]
[BlackElo "2132"]
[PlyCount "80"]
[WhiteFideId "24605875"]
[BlackFideId "24624284"]
[EventCountry "GER"]
[EventRounds "9"]
[EventType "swiss"]
[EventDate "2009.05.30"]

1. d4 d5 2. c4 e6 3. Nf3 Nf6 4. g3 Be7 5. Bg2 O-O 6. Qc2 c6 7. O-O Nbd7 8. Rd1
b6 9. b3 Ba6 10. Nbd2 Rc8 11. e4 c5 12. exd5 exd5 13. Bb2 cxd4 14. Nxd4 b5 15.
Rac1 bxc4 16. bxc4 Bxc4 17. Nxc4 Rxc4 18. Qe2 Rxc1 19. Rxc1 Qb6 20. Nb3 Re8 21.
Qd2 Bb4 22. Qf4 Qd6 23. Qd4 Nb6 24. Rd1 h6 25. Qh4 Nbd7 26. Nd4 Bc5 27. Ba1 Qb6
28. g4 Ne4 29. Bxe4 Rxe4 30. Nf5 Ne5 31. Bxe5 Rxe5 32. Qg3 Re2 33. Qc3 Bxf2+
34. Kf1 Qb2 35. Qc8+ Kh7 36. Ng3 Re6 37. Rxd5 Bxg3 38. hxg3 Qe2+ 39. Kg1 Qe1+
40. Kh2 Re2+ 0-1

[Event "DEM U18 2009"]
[Site "Willingen GER"]
[Date "2009.06.02"]
[Round "5"]
[White "Bradler, Stephan"]
[Black "Strunski, Andreas"]
[Result "0-1"]
[Termination "normal"]
[Board "7"]
[WhiteElo "2006"]
[BlackElo "2329"]
[PlyCount "120"]
[WhiteFideId "24629367"]
[BlackFideId "24606073"]
[EventCountry "GER"]
[EventRounds "9"]
[EventType "swiss"]
[EventDate "2009.05.30"]

1. e4 c5 2. Nf3 e6 3. d4 cxd4 4. Nxd4 Nc6 5. Nc3 Qc7 6. Be2 a6 7. O-O Nf6 8.
Be3 Bb4 9. Na4 Bd6 10. Nxc6 bxc6 11. Nb6 Rb8 12. g3 Be7 13. Nxc8 Qxc8 14. Bd4
c5 15. Be5 Rb6 16. b3 O-O 17. Bd3 Re8 18. Re1 d5 19. exd5 exd5 20. Qd2 Qh3 21.
Bf1 Qf5 22. Bg2 Re6 23. Bxf6 Bxf6 24. Rxe6 fxe6 25. Re1 Re7 26. Qd3 Qxd3 27.
cxd3 Kf7 28. f4 g6 29. g4 Bc3 30. Re2 Rd7 31. Bh3 Rd6 32. Kg2 a5 33. g5 Rb6 34.
Bg4 Bg7 35. h4 Rc6 36. Kf3 a4 37. bxa4 c4 38. dxc4 dxc4 39. Ke3 Bf8 40. Kd4
Bg7+ 41. Ke4 Rd6 42. a5 c3 43. h5 gxh5 44. Bxh5+ Ke7 45. f5 exf5+ 46. Kxf5+ Kd7
47. Be8+ Kd8 48. Ba4 Rd5+ 49. Kf4 Rxa5 50. Re8+ Kc7 51. Re7+ Kd6 52. Rxg7 Rxa4+
53. Ke3 Rc4 54. Kd3 c2 55. Kxc4 c1=Q+ 56. Kd3 Qa3+ 57. Ke4 Qb4+ 58. Kd3 Qb5+
59. Kc2 Qc4+ 60. Kb1 Qd3+ 0-1

[Event "DEM U18 2009"]
[Site "Willingen GER"]
[Date "2009.06.02"]
[Round "5"]
[White "Korman, Maxim"]
[Black "Tkachuk, Konstantyn"]
[Result "1-0"]
[Termination "normal"]
[Board "8"]
[WhiteElo "2170"]
[BlackElo "2214"]
[PlyCount "81"]
[WhiteFideId "24619787"]
[BlackFideId "24647330"]
[EventCountry "GER"]
[EventRounds "9"]
[EventType "swiss"]
[EventDate "2009.05.30"]

1. d4 Nf6 2. Nf3 g6 3. Nc3 d5 4. Bf4 c6 5. e3 Bg7 6. Be2 O-O 7. Ne5 Nfd7 8. Nf3
Nf6 9. h4 Nbd7 10. Ne5 Nxe5 11. Bxe5 Ne4 12. Bxg7 Nxc3 13. Qd3 Kxg7 14. Qxc3
Qd6 15. O-O-O h6 16. g4 b5 17. f4 b4 18. Qd2 a5 19. h5 Rh8 20. hxg6 fxg6 21.
Rh4 a4 22. Rdh1 Bd7 23. Bd3 c5 24. Qh2 g5 25. dxc5 Qf6 26. fxg5 Qxg5 27. Rh5
Qxe3+ 28. Kb1 b3 29. Re5 bxa2+ 30. Kxa2 Qxc5 31. Qh5 Be8 32. Rg5+ Kf6 33. Rg6+
Bxg6 34. Qxg6+ Ke5 35. Rh5+ Kf4 36. Qf5+ Kg3 37. g5 hxg5 38. Rxg5+ Kh2 39. Qf4+
Kh1 40. Qf1+ Kh2 41. Qg2# 1-0

[Event "DEM U18 2009"]
[Site "Willingen GER"]
[Date "2009.06.02"]
[Round "5"]
[White "Moshtael, Wesal"]
[Black "Nuber, Blasius"]
[Result "0-1"]
[Termination "normal"]
[Board "9"]
[WhiteElo "2133"]
[BlackElo "2104"]
[PlyCount "80"]
[WhiteFideId "24618551"]
[BlackFideId "24620289"]
[EventCountry "GER"]
[EventRounds "9"]
[EventType "swiss"]
[EventDate "2009.05.30"]

1. d4 d5 2. Nf3 Nf6 3. c4 c6 4. Qc2 a6 5. b3 b5 6. Nbd2 g6 7. e4 dxe4 8. Nxe4
Nxe4 9. Qxe4 Bg7 10. Be2 Bf5 11. Qh4 c5 12. O-O cxd4 13. Bb2 e5 14. Qxd8+ Kxd8
15. Ng5 Ke8 16. cxb5 axb5 17. Bxb5+ Nd7 18. Rfe1 f6 19. Nf3 Kd8 20. h3 Rb8 21.
Bf1 Nc5 22. Red1 Be4 23. Nxd4 exd4 24. Rxd4+ Ke8 25. Re1 f5 26. Rdxe4+ Nxe4 27.
Bxg7 Rg8 28. Be5 Rb7 29. f3 Re7 30. Bb5+ Kf8 31. Bf4 g5 32. Bh2 g4 33. hxg4
fxg4 34. Bf4 gxf3 35. Bh6+ Kf7 36. Bc4+ Kf6 37. Bxg8 f2+ 38. Kf1 fxe1=Q+ 39.
Kxe1 Kg6 40. Be3 Nf6 0-1

[Event "DEM U18 2009"]
[Site "Willingen GER"]
[Date "2009.06.02"]
[Round "5"]
[White "Kelbling, Philipp"]
[Black "Dupont, Gabriel"]
[Result "1-0"]
[Termination "normal"]
[Board "10"]
[WhiteElo "2072"]
[BlackElo "1852"]
[PlyCount "41"]
[WhiteFideId "24669750"]
[BlackFideId "4634802"]
[EventCountry "GER"]
[EventRounds "9"]
[EventType "swiss"]
[EventDate "2009.05.30"]

1. e4 e5 2. Nf3 Nc6 3. d4 exd4 4. Bc4 Nf6 5. e5 d5 6. Bb5 Ne4 7. Nxd4 Bd7 8.
Bxc6 bxc6 9. f3 Ng5 10. f4 Ne4 11. Nc3 Bc5 12. O-O Bxd4+ 13. Qxd4 Nxc3 14. Qxc3
Qe7 15. Be3 a6 16. Rae1 O-O-O 17. Bc5 Qe8 18. Qa5 Bf5 19. Bd6 cxd6 20. exd6 Be6
21. Qc7# 1-0

[Event "DEM U18 2009"]
[Site "Willingen GER"]
[Date "2009.06.02"]
[Round "5"]
[White "Völsgen, Georg"]
[Black "Falke, Isaak"]
[Result "1-0"]
[Termination "normal"]
[Board "11"]
[WhiteElo "1923"]
[BlackElo "1950"]
[PlyCount "39"]
[WhiteFideId "24635901"]
[BlackFideId "24614483"]
[EventCountry "GER"]
[EventRounds "9"]
[EventType "swiss"]
[EventDate "2009.05.30"]

1. e4 e5 2. Nf3 Nc6 3. Bc4 Bc5 4. O-O Nf6 5. d3 h6 6. Be3 Bb6 7. Nbd2 O-O 8.
Qe1 d6 9. Bb3 Kh8 10. Nc4 Nh5 11. Nxb6 axb6 12. Qd2 Qf6 13. Ne1 Be6 14. c4 Nf4
15. Bxf4 exf4 16. f3 Ra5 17. Nc2 Nd4 18. Nxd4 Qxd4+ 19. Qf2 Qxd3 20. Rfe1 1-0

[Event "DEM U18 2009"]
[Site "Willingen GER"]
[Date "2009.06.02"]
[Round "5"]
[White "Häusler, Felix"]
[Black "Hirschberg, Valerian"]
[Result "0-1"]
[Termination "normal"]
[Board "12"]
[WhiteElo "1990"]
[BlackElo "2079"]
[PlyCount "90"]
[WhiteFideId "24631337"]
[BlackFideId "24628492"]
[EventCountry "GER"]
[EventRounds "9"]
[EventType "swiss"]
[EventDate "2009.05.30"]

1. e4 c5 2. Nf3 Nc6 3. d4 cxd4 4. Nxd4 Nf6 5. Nc3 e5 6. Ndb5 d6 7. Bg5 a6 8.
Na3 b5 9. Nd5 Be7 10. Bxf6 Bxf6 11. c3 O-O 12. Nc2 Bg5 13. a4 bxa4 14. Rxa4 a5
15. Bc4 Rb8 16. b4 Bd7 17. Ra2 Be6 18. b5 Na7 19. Rb2 Qc8 20. Qd3 Qc5 21. h4
Bd8 22. Nce3 Kh8 23. Ke2 Bb6 24. Ra1 Bxd5 25. Bxd5 Rbc8 26. c4 Qc7 27. Rd2 Qd8
28. g3 Qd7 29. Kf1 g6 30. Kg2 f5 31. exf5 gxf5 32. f4 exf4 33. gxf4 Qg7+ 34.
Kh2 Qxa1 35. Nxf5 Qf6 36. Rg2 Rc7 37. Qg3 h6 38. Be4 Rxc4 39. Nxd6 Rxe4 40.
Nxe4 Qxf4 41. Qxf4 Rxf4 42. Rg6 Bc7 43. Rxh6+ Kg7 44. Ra6 Rxe4+ 45. Kg2 Nxb5
0-1

[Event "DEM U18 2009"]
[Site "Willingen GER"]
[Date "2009.06.02"]
[Round "5"]
[White "Meißner, Felix"]
[Black "Zahn, Benno"]
[Result "0-1"]
[Termination "normal"]
[Board "13"]
[WhiteElo "2131"]
[BlackElo "1881"]
[PlyCount "66"]
[WhiteFideId "24671827"]
[BlackFideId "24636070"]
[EventCountry "GER"]
[EventRounds "9"]
[EventType "swiss"]
[EventDate "2009.05.30"]

1. e4 c5 2. Nf3 d6 3. d4 cxd4 4. Nxd4 Nf6 5. Nc3 g6 6. Be3 Bg7 7. f3 Nc6 8. Bc4
O-O 9. Qd2 Bd7 10. Bb3 Na5 11. O-O-O Rb8 12. Bh6 Bxh6 13. Qxh6 b5 14. h4 e5 15.
Nde2 Nxb3+ 16. cxb3 b4 17. Nd5 Nxd5 18. Rxd5 Be6 19. Rd2 Qb6 20. h5 Rfc8+ 21.
Kb1 Rb7 22. Qg5 Qd8 23. Qe3 a5 24. hxg6 fxg6 25. Rhd1 Rc6 26. f4 Qe7 27. Qg3
Bf7 28. Ng1 Ra7 29. Nf3 a4 30. Rd3 axb3 31. axb3 Qc7 32. Ne1 Qa5 33. Nc2 Qa2+
0-1

[Event "DEM U18 2009"]
[Site "Willingen GER"]
[Date "2009.06.02"]
[Round "5"]
[White "Pogan, Nicolas"]
[Black "Mory, Martin"]
[Result "1-0"]
[Termination "normal"]
[Board "14"]
[WhiteElo "2050"]
[BlackElo "1794"]
[PlyCount "55"]
[WhiteFideId "24673579"]
[BlackFideId "1271001"]
[EventCountry "GER"]
[EventRounds "9"]
[EventType "swiss"]
[EventDate "2009.05.30"]

1. e4 e5 2. Nf3 Nc6 3. Bb5 a6 4. Ba4 Nf6 5. O-O b5 6. Bb3 Be7 7. Re1 O-O 8. h3
d6 9. c3 Bb7 10. d4 exd4 11. cxd4 d5 12. e5 Ne4 13. Nc3 Bb4 14. Nxe4 dxe4 15.
Rxe4 Na5 16. Rg4 Kh8 17. Bc2 f5 18. exf6 Qxf6 19. Qd3 g6 20. d5 Bd6 21. Bd2 Nc4
22. Bc3 Ne5 23. Qe2 Rae8 24. Re4 Bxd5 25. Rxe5 Bxf3 26. Rxe8 Qxc3 27. Rxf8+
Bxf8 28. Qxf3 1-0